| 000 | 00658nam a2200229Ia 4500 | ||
|---|---|---|---|
| 003 | GCL | ||
| 008 | 140319s9999 xx 000 0 ara d | ||
| 040 |
_aGCL / _cGCL |
||
| 082 | 0 | 4 |
_a370.712 _bم م |
| 100 | 1 | _aمحمد منير مرسى | |
| 245 | 1 | 0 |
_aالمعلم وميادين التربية / _cمحمد منير مرسى |
| 260 |
_a[S.N] : _bمكتبة الانجلوالمصرية ، _c1993 |
||
| 300 | _a230 ص | ||
| 490 | _a | ||
| 650 | 0 | 4 | _aطرق التدريس |
| 650 | 0 | 4 | _aالتعليم |
| 650 | 0 | 4 | _aالمناهج |
| 650 | 0 | 4 | _aتعليم الكبار |
| 650 | 0 | 4 | _aالتعلم |
| 650 | 0 | 4 | _aالمدرسون |
| 942 |
_2ddc _cBK |
||
| 999 |
_c31916 _d31916 |
||